000 00297nam a22001217a 4500
040 _cHS
082 _a338
100 _aអេង លេង
245 _aMicroeconomics មីក្រូសេដ្ឋកិច្ច
260 _aRUA
_bអេង លេង
_c2008
300 _a42p;
942 _cKB
999 _c10072
_d10072